000 00626nam a2200205 a 4500
005 20220903165907.0
008 050621s2000 000 eng d
020 _a8449418135
035 _aUPN01000140185
049 _aCG
050 4 _aPQ8097 N4
_bP3.4
100 1 _aPascual, Arturo Marcelo,
_d1958-
_941868
245 1 3 _aEl lector de-- Pablo Neruda /
_cArturo Marcelo Pascual.
260 _aBarcelona, Esp. :
_bOcéano,
_c2000.
300 _a175 p. :
_bil.
440 3 _aEl lector de...
600 1 0 _aNeruda, Pablo,
_d1904-1973 -
_xCrítica e interpretación
_910349
650 0 _aPoesía chilena
_91228
905 _aLibro
999 _c112333
_d112333